Responses for Show #5272 - Tuesday, July 10, 2007

Contestants

[<< previous game]

Monica Lenhard, a teacher from Royal Oak, Michigan

Tom Traylor, a hospice chaplain from San Francisco, California

Tim Abou-Sayed, a plastic surgeon from Manalapan, Florida (whose 3-day cash winnings total $49,402)

[next game >>]

Jeopardy! Round responses

THE WHALING WALLS
(Alex: These are all murals by the artist Wyland.)
COLORFUL FILMS
THE NEW YORK TIMES JOURNALISTS
"C" ME
APPLES
WORLD'S OLDEST MAN'S RÉSUMÉ
    $200 6
Japan

Monica
    $200 1
Pink

Tom
    $200 19
Traveler

Tim
    $200 9
concave

Tim
    $200 24
(Tom: What is sour cream cake?)

pie

TimTom
    $200 14
dinosaurs

Tom
    $400 7
Atlanta

Monica
    $400 2
Blue

Monica
    $400 20
(Monica: What is theater?)

restaurants (food critic)

TimMonica
    $400 10
crustacean

Tim
    $400 25
(Tim: What is Kentucky?)

Washington

TimTom
    $400 15
the Salem Witch Trials

Tom
    $600 8
[ERRATUM: The sites are "Lake Shore Drive" and "Navy Pier".]

Chicago

Tim
    $600 3
Red

Monica
    $600 21
Tiananmen Square

Monica
    $600 11
cauterizing

Monica
    $1,500 26
applesauce

Tom
    $600 16
(Tim: What is South Dakota?)
(Tom: What is North Dakota?)

Montana

TimTomMonica
    $800 29
Toronto

Tim
    $800 4
Yellow

Tom
    $800 22
the Supreme Court

Monica
    $800 12
a catalyst

Tim
    $800 27
(Monica: What is vitamin C?)
(Tim: What is protein?)

fiber

TimTomMonica
    $800 17
the Marquis de Sade

Triple Stumper
    $1000 30
(Tim: What is China?)

Mexico

Tim
Triple Stumper
    $1000 5
White

Monica
    $1000 23
Flat

Tim
    $1000 13
a crossword

Tom
    $1000 28
McIntosh

Tom
    $1000 18
Torquemada

Tim

Scores at the first commercial break (after clue 15):

Tim Tom Monica
$2,000 $2,600 $3,200

Scores at the end of the Jeopardy! Round:

Tim Tom Monica
$2,800 $5,500 $4,000

Double Jeopardy! Round responses

THE WAR OF 1812
NAMES IN POP MUSIC
CONTINENTAL DRIFTING
GEMS & JEWELS
THEIR FIRST NOVELS
THE "SPACE" AGE
    $400 16
give up the ship

Tom
    $400 6
(Tim: What is Blitzkrieg?)
(Alex: No. You pulled that one out of thin air, didn't you?)

Smash Mouth

Tim
Triple Stumper
    $400 1
(Tim: What is North America?)

South America

TimMonica
    $400 11
diamonds

Tom
    $400 25
H.G. Wells

Tim
    $400 15
backspace

Monica
    $800 17
Canada

Monica
    $800 7
Shaggy

Monica
    $800 2
30%

Tom
    $800 12
(Tim: What is emerald?)

jade

TimTom
    $800 26
Thomas Wolfe

Tom
    $800 21
space cadet

Tim
    $1200 18
...
(Alex: Monica, you knew that!)
(Monica: Yes, I did know that.)
(Alex: You should have rung in.)
(Monica: Now I know.)

U.S.S. Constitution

Triple Stumper
    $1200 8
Deep Purple

Tim
    $2,500 3
(Tom: What is South America?)

Africa

Tom
    $1200 13
garnet

Tom
    $1200 27
Theodore Dreiser

Tom
    $1200 22
crawlspace

Tom
    $2,000 19
Fort McHenry

Monica
    $1600 9
(Tim: What is Sugar?)

Sweet

Tim
Triple Stumper
    $1600 4
Pangaea

Tim
    $1600 14
cats eye

Monica
    $1600 28
Bernard Malamud

Triple Stumper
    $1600 23
airspace

Tim
    $2000 20
Henry Clay

Monica
    $2000 10
Bauhaus

Tom
    $2000 5
Australia

Tim
    $2000 29
Sapphire

Monica
    $2000 30
George Eliot

Triple Stumper
    $2000 24
white space

Tim

Scores at the end of the Double Jeopardy! Round:

Tim Tom Monica
$9,200 $11,800 $14,000

[wagering suggestions for these scores]

Final Jeopardy! Round responses

MYTHICAL HEROES
(Alex: If he's destroying his house or thinking he's destroying the walls, he must be pretty strong. We hope you picked up on that part of the clue.)
TimWho was Ajax?
$9,198
TomWho is Edipus?
$9,200
MonicaWho is Hercules?
$7,000
Hercules

Final scores:

Tim Tom Monica
$2 $2,600 $21,000
3rd place: $1,000 2nd place: $2,000 New champion: $21,000

Game dynamics:

Coryat scores:

Tim Tom Monica
$9,200 $13,400 $13,600
17 R,
8 W
18 R
(including 1 DD),
3 W
(including 1 DD)
17 R
(including 1 DD),
2 W

Combined Coryat: $36,200

[game clues] [game scores] [suggest correction]

Game tape date: 2007-04-13
The J! Archive is created by fans, for fans. Scraping, republication, monetization, and malicious use prohibited; this site may use cookies and collect identifying information. See terms. The Jeopardy! game show and all elements thereof, including but not limited to copyright and trademark thereto, are the property of Jeopardy Productions, Inc. and are protected under law. This website is not affiliated with, sponsored by, or operated by Jeopardy Productions, Inc. Join the discussion at JBoard.tv.